Reflexiones sobre la identidad cooperativa en la hora actual /
Guardado en:
| Otros Autores: | |
|---|---|
| Formato: | Libro |
| Idioma: | Spanish |
| Publicado: |
[Buenos Aires] :
INTERCOOP, Editora Cooperativa Ltda.,
[2022]
|
| Materias: | |
| Etiquetas: |
Agregar Etiqueta
Sin Etiquetas, Sea el primero en etiquetar este registro!
|
| LEADER | 01758nam a22002175a 4500 | ||
|---|---|---|---|
| 001 | EAD.ead004642 | ||
| 008 | 221221s2022####ag#######b####000#0#spa#d | ||
| 005 | 20221221132649.0 | ||
| 245 | 0 | 0 | |a Reflexiones sobre la identidad cooperativa en la hora actual / |c editado por la Federación Argentina de Cooperativas de Consumo. |
| 260 | |a [Buenos Aires] : |b INTERCOOP, Editora Cooperativa Ltda., |c [2022] | ||
| 300 | |a 139 p. ; |c 21 cm. | ||
| 504 | |a Incluye referencias bibliográficas. | ||
| 505 | 0 | |a Primera conferencia: La identidad cooperativa : su significado / Dante Cracogna -- Las empresas y la identidad cooperativa / Carlos César Basañes -- Cómo transmitir el sentido de la identidad cooperativa / Oscar Daniel Alpa -- Segunda conferencia: Afirmar y profundizar la identidad cooperativa / Edgardo Form -- ¿Qué respuestas aporta la investigación sobre la identidad cooperativa? / Mirta Vuotto -- El sentido de la identidad cooperativa en nuestra asociación / Claudio Soumoulou -- Tercera conferencia: La identidad cooperativa en la sociedad y ante el sistema político / Alfredo Lazzeretti -- ¿Qué comunicamos y cómo transmitimos nuestra identidad cooperativa? / Noelia Zapata -- Acerca de la identificación y la identidad / Héctor Jacquet -- Identidad cooperativa : una reflexión imperiosa / Juan José Carrizo. | |
| 020 | |a 9789871596751 | ||
| 700 | 1 | |a Federación Argentina de Cooperativas de Consumo. | |
| 082 | 0 | 4 | |a 334.5 |2 21 |
| 650 | 7 | |a Cooperativismo. |2 isoc | |
| 653 | |a Identidad cooperativa | ||
| 859 | |a AR-BaBDC |b BIB. ADMINISTRACION GABCOOP - Libros |h 334.5 |i F317 |p g01499 | ||
| 859 | |a AR-BaBDC |b BIB. ADMINISTRACION GABCOOP - Libros |h 334.5 |i F317 |p g01500 |t Ej. 2 | ||
| 859 | |a AR-BaBDC |b BIB. ADMINISTRACION GABCOOP - Libros |h 334.5 |i F317 |p g01501 |t Ej. 3 | ||
